000 00404nam a2200133 a 4500
001 000039823
005 20201002033744.0
008 130724s1972 mx 000 0 spa d
040 _aDO-SdBNP
_bspa
_cBNPHU
100 1 _aStones, E.
_950358
245 1 0 _aAprendizaje y enseñanza :
_btexto programado /
_cE. Stones.
260 _aMéxico :
_bCentro Regional de Ayuda Técnica,
_c1972.
300 _a126 ;
_c25 cm.
999 _c39313
_d39313